000 01673nas a2200277Ia 4500
001 R050-S3824
003 IT-CnALBA
008 170116c99999999xx |||||||||||| ||und||
040 _aIT-CnALBA
_cIT-CnALBA
041 _aITALIANO
100 _aBERTETTO D. DOMENICO, SDB.
210 _aPALESTRA DEL CLERO
222 _aPALESTRA DEL CLERO
245 0 _aPALESTRA DEL CLERO. 15 FEBBRAIO 1987. CULTURA E PRATICA ECCLESIASTICA.
250 _a1a ed.
260 _a ROVIGO
_bISTITUTO PADANO ARTI GRAFICHE
_c1987 [1° Ed.:1987 - Ed.Ling.Originale: 1987]
300 _a64 p.
310 _aQUINDICINALE
362 _aFascicolo: 4 / Anno: 66 (1987)
500 _aSINODO LAICI. ANNO MARIANO GIUGNO 1987 AGOSTO 1988. NOTE AGOSTINIANE. CHIESA CATTOLICA ROMANA E CHIESE ORTODOSSE D'ORIENTE. CAPRILE G. INVALIDITÀ MATRIMONIO RELIGIOSO, MOTIVI PRINCIPALI, BERSINI F. SERVA DI DIO DONNA BERNEDETTA FREY. SOFFERENZA DONO DI DIO. AGOSTINO F. EDUCAZIONE POPOLARE, SCUOLA PRIMARIA A ROMA NEI SECOLI XVI XIX. CARDINALE PIETRO PARENTE, TRIGESIMA MORTE, PALAZZINI P. RECENSIONI.
501 _aSocietà San Paolo EM - Piazza San Paolo, 14 - 12051 ALBA (CN) (non commercial uses only) ® Copyright 2017
520 _aSINODO LAICI. ANNO MARIANO GIUGNO 1987 AGOSTO 1988. NOTE AGOSTINIANE. CHIESA CATTOLICA ROMANA E CHIESE ORTODOSSE D'ORIENTE. CAPRILE G. INVALIDITÀ MATRIMONIO RELIGIOSO, MOTIVI PRINCIPALI, BERSINI F. SERVA DI DIO DONNA BERNEDETTA FREY. SOFFERENZA DONO DI DIO. AGOSTINO F. EDUCAZIONE POPOLARE, SCUOLA PRIMARIA A ROMA NEI SECOLI XVI XIX. CARDINALE PIETRO PARENTE, TRIGESIMA MORTE, PALAZZINI P. RECENSIONI.
650 _aECCLESIOLOGIA
942 _cCR
957 _71
999 _a65714
_bNO
_g1
_c332410
_d332410